| 000 | 00522cam a2200205ua 4500 | ||
|---|---|---|---|
| 020 | _a3-527-25763-2 | ||
| 041 |
_aeng _h |
||
| 082 |
_a621.489 _bREH/BI |
||
| 100 | _aRehm , H J . | ||
| 245 |
_aBiotechnology: A Comprehensive treatise in 8 volumes, Vol 1 / _cH J Rehm. _hTextual Documents |
||
| 250 |
_a1 / _b. |
||
| 260 |
_aWeinheim : _bVerlag Chemie , _c1981. |
||
| 300 | _a520 ; . | ||
| 362 | 0 | _aVol 1- | |
| 500 | _a** Reference | ||
| 504 | _a | ||
| 700 | 1 | _aReed, G . | |
| 942 | _cBK | ||
| 999 |
_c10098 _d10098 |
||